| 000 | 00485nam a2200181Ia 4500 | ||
|---|---|---|---|
| 005 | 20250326125713.0 | ||
| 008 | 250326s9999 xx 000 0 und d | ||
| 037 | _aTextbook | ||
| 040 |
_aFMSL _beng _cFMSL |
||
| 041 |
_aeng _2eng |
||
| 084 |
_aY:4 K9;L1 _qFMSL |
||
| 100 |
_aDrucker P F _9735093 |
||
| 245 | 0 |
_aAge of discontinuity _cDrucker P F |
|
| 260 |
_aLondon _bLondon, Pan Books _c1971 |
||
| 300 | _a469p | ||
| 942 |
_cTB _hY:4 K9;L1 |
||
| 999 |
_c1279197 _d1279197 |
||